<?xml version="1.0" encoding="UTF-8"?>
<record
    xmlns:xsi="http://www.w3.org/2001/XMLSchema-instance"
    xsi:schemaLocation="http://www.loc.gov/MARC21/slim http://www.loc.gov/standards/marcxml/schema/MARC21slim.xsd"
    xmlns="http://www.loc.gov/MARC21/slim">

  <leader>01817nam a22004095i 4500</leader>
  <controlfield tag="001">195858</controlfield>
  <controlfield tag="003">SpMaBN</controlfield>
  <controlfield tag="005">20250912122412.0</controlfield>
  <controlfield tag="008">240726s1981    sp                  spa  </controlfield>
  <datafield tag="016" ind1="7" ind2=" ">
    <subfield code="a">bimoBNE19960574365</subfield>
    <subfield code="z">IND91015537</subfield>
    <subfield code="2">SpMaBN</subfield>
  </datafield>
  <datafield tag="017" ind1=" " ind2=" ">
    <subfield code="a">T 997-1981</subfield>
    <subfield code="b">Oficina Dep&#xF3;sito Legal Tarragona</subfield>
  </datafield>
  <datafield tag="020" ind1=" " ind2=" ">
    <subfield code="a">8485060490</subfield>
    <subfield code="c">600 pts.</subfield>
  </datafield>
  <datafield tag="035" ind1=" " ind2=" ">
    <subfield code="a">(OCoLC)433865293</subfield>
  </datafield>
  <datafield tag="035" ind1=" " ind2=" ">
    <subfield code="a">bimo0002334131</subfield>
  </datafield>
  <datafield tag="040" ind1=" " ind2=" ">
    <subfield code="a">SpMaBN</subfield>
    <subfield code="b">spa</subfield>
    <subfield code="c">A2</subfield>
  </datafield>
  <datafield tag="080" ind1=" " ind2=" ">
    <subfield code="a">612.39</subfield>
  </datafield>
  <datafield tag="080" ind1=" " ind2=" ">
    <subfield code="a">641.564(083.12)</subfield>
  </datafield>
  <datafield tag="100" ind1="1" ind2=" ">
    <subfield code="a">Alfonso, Eduardo,</subfield>
    <subfield code="d">1896-1991</subfield>
    <subfield code="0">XX825990</subfield>
    <subfield code="e">aut</subfield>
    <subfield code="9">19848</subfield>
  </datafield>
  <datafield tag="245" ind1="1" ind2="0">
    <subfield code="a">Nutrici&#xF3;n humana y cocina vegetariana /</subfield>
    <subfield code="c">Eduardo Alfonso.</subfield>
  </datafield>
  <datafield tag="250" ind1=" " ind2=" ">
    <subfield code="a">S&#xE9;ptima edici&#xF3;n</subfield>
  </datafield>
  <datafield tag="260" ind1=" " ind2=" ">
    <subfield code="a">Barcelona :</subfield>
    <subfield code="b">Cymys,</subfield>
    <subfield code="c">D.L. 1981.</subfield>
  </datafield>
  <datafield tag="300" ind1=" " ind2=" ">
    <subfield code="a">157 p. ;</subfield>
    <subfield code="c">21 cm</subfield>
  </datafield>
  <datafield tag="336" ind1=" " ind2=" ">
    <subfield code="2">rdacontent</subfield>
    <subfield code="a">texto</subfield>
  </datafield>
  <datafield tag="337" ind1=" " ind2=" ">
    <subfield code="2">rdamedia</subfield>
    <subfield code="a">sin mediaci&#xF3;n</subfield>
  </datafield>
  <datafield tag="338" ind1=" " ind2=" ">
    <subfield code="2">rdacarrier</subfield>
    <subfield code="a">volumen</subfield>
  </datafield>
  <datafield tag="490" ind1="1" ind2=" ">
    <subfield code="a">Colecci&#xF3;n Psicosoma</subfield>
  </datafield>
  <datafield tag="500" ind1=" " ind2=" ">
    <subfield code="a">Aparte de que el r&#xE9;gimen vegetariano no solamente rechaza las carnes y pescados, sino el alcohol, el tabaco y las drogas t&#xF3;xicas o sorpresivas. En los 63 a&#xF1;os que llevo de pr&#xE1;ctica m&#xE9;dico-naturista y practicando yo mismo, la alimentaci&#xF3;n vegetariana, he observado sin tregua los efectos de dicho r&#xE9;gimen y puedo asegurar que es la mejor base para la salud.</subfield>
  </datafield>
  <datafield tag="650" ind1=" " ind2="4">
    <subfield code="a">Nutrici&#xF3;n</subfield>
    <subfield code="2">embne</subfield>
    <subfield code="9">15650</subfield>
  </datafield>
  <datafield tag="650" ind1=" " ind2="4">
    <subfield code="a">Cocina vegetariana-</subfield>
    <subfield code="v">Recetas</subfield>
    <subfield code="2">embne</subfield>
    <subfield code="9">11131</subfield>
  </datafield>
  <datafield tag="830" ind1=" " ind2=" ">
    <subfield code="a">Colecci&#xF3;n Psicosoma</subfield>
    <subfield code="9">239846</subfield>
  </datafield>
  <datafield tag="852" ind1=" " ind2=" ">
    <subfield code="a">ES-MaACL</subfield>
    <subfield code="b">R.154339</subfield>
    <subfield code="c">DEPOJ</subfield>
    <subfield code="j">N-8896</subfield>
    <subfield code="h">Donaci&#xF3;n: E. Cortijo</subfield>
    <subfield code="x">Encuadernaci&#xF3;n: r&#xFA;stica con solapas</subfield>
    <subfield code="9">204812</subfield>
  </datafield>
  <datafield tag="903" ind1=" " ind2=" ">
    <subfield code="a">Cortijo Parralejo, Esteban, </subfield>
    <subfield code="d">1952-</subfield>
    <subfield code="e">dnr</subfield>
    <subfield code="9">40933</subfield>
  </datafield>
  <datafield tag="942" ind1=" " ind2=" ">
    <subfield code="2">udc</subfield>
    <subfield code="c">MONOGRAFIA</subfield>
    <subfield code="n">0</subfield>
  </datafield>
  <datafield tag="954" ind1=" " ind2=" ">
    <subfield code="i">Tatiana Alejandra de Castro P&#xE9;rez</subfield>
  </datafield>
  <datafield tag="999" ind1=" " ind2=" ">
    <subfield code="c">195858</subfield>
    <subfield code="d">195858</subfield>
  </datafield>
  <datafield tag="952" ind1=" " ind2=" ">
    <subfield code="0">0</subfield>
    <subfield code="1">0</subfield>
    <subfield code="2">udc</subfield>
    <subfield code="4">0</subfield>
    <subfield code="7">0</subfield>
    <subfield code="a">ATENEOM</subfield>
    <subfield code="b">ATENEOM</subfield>
    <subfield code="c">DEPOJ</subfield>
    <subfield code="d">2025-03-17</subfield>
    <subfield code="e">DONACION</subfield>
    <subfield code="l">0</subfield>
    <subfield code="o">N-8896</subfield>
    <subfield code="p">101229659</subfield>
    <subfield code="r">2025-03-17 00:00:00</subfield>
    <subfield code="w">2025-03-17</subfield>
    <subfield code="y">MONOGRAFIA</subfield>
  </datafield>
</record>
